00769nam a2200217 i 450000100060000000300090000600500170001500700030003200800410003510000390007624501100011525000150022526000610024030000310030150000180033250500990035065000280044965100230047770000270050085200240052778811ES-MaACL20250808031135.0t|041018s1946 sp ||||1| spa d1 aHayes, Carlton J. H. (d1882-1964)10aHistoria política y cultural de la Europa moderna / cCarlton J.H. Hayes ; traducción de Olga Díez. a[1ª ed.]. aBarcelona : bJuventud, c[1946] (fAgustín Núñez) a1 v., 30 lám. ; c23 cm. aEs el v. 1º.8 aContiene: V. 1. Tres siglos de sociedad predominantemente agrícola : 1500-1830 (XIV, 807 p.) 7aHistoria moderna2embne aEuropa-xHistoria.1 aDíez de Vidal, Olga. aES-MaACLjP-752-bis